000 01312nam a2200349 a 4500
003 BLK
005 20250801123429.0
008 180411b bul|||||r ||||||| ||bul||
020 _a9786197560107
040 _aBLK
041 _aBUL
_cBUL
080 _aАмериканска литература (на САЩ)
_b821.111(73)
_x-93-32
_z821.111(73)-93-32
100 1 _aКини, Джеф
_eпърви автор
_9309890
139 _aКини, Джеф
_bК 54
245 1 0 _aДневникът на един Дръндьо
_bЧ. 1 -
_cДжеф Кини ; прев. Михаил Балабанов.
_nЧ. 15
_pВ дълбоки води
257 _aUSA
260 _aСофия
_bДУО ДИЗАЙН
_c2021
300 _a218 с.
_bс ил.
_c21 см
380 _aDX
500 _aОриг. загл.: Diary of Wimpy kid / Jeff Kinney.
653 _aповести
653 _aлитература за деца
653 _aдетска литература
700 _aБалабанов, Михаил Петров
_eпрев.
_9443003
852 _bД
_c821-93/К 54 Д
852 _aЦб 313984
_bЦб
856 _i0.00
_ldisable
942 _cKNG
_n0
_0355
_s1
944 _aCR
_c2021-06-17
_k30564
_lАнна Гръцманова
944 _aED
_c2022-09-08
_kКети
944 _aED
_kМ.Я.
999 _c420359
_d420359